1447 1071 1857 1266 1621 1862 1558 1847 1523 1839 1739 1657 1967 1068 1477 1654 1080 1943 1317 1323 1855 1825 1508 1600 1337 1326 1794 1112 1495 1359 1359 1896 1738 1377 1048 1995 1885 1315 1491 1424 1353 1905 1734 1908 1198 1200 1278 1997 1936 1072 1072 1887 1886 1350 1116 1204 1524 1617 1125 1486 1790 1880 1783 1085 1249 1701 1223 1279 1789 1484 1403 1374 1797 1185 1515 1244 1357 1373 1000 1858 1615 1572 1145 1948 1480 1839 1120 1812 1203 1839 1668 1023 1207 1165 1855 1457 1580 1308 1880 BCNSPRNW ULIB Ver.6.0+V

เปลี่ยนเป็นภาษาไทย

Change to English
 แสดงรายละเอียดบรรณานุกรม
  กลับหน้าหลัก

Brief Record : Get Marc (ISO 2709) : E-mail record : QR code < ปิดหน้าต่าง
LEADER : 00000nam 2200000uu 4500
001    13399127185
003     ULIB
008    191021s2562||||th 000 0 tha d
020 ^  ^a9786168142363
050  0 ^aนว.^bป534ร
100 0  ^aปัณภัส.
245 1  ^aรัก (กรรณ) วันละนิด /^cปัณภัส.
260 ^  ^aกรุงเทพฯ :^bทัช,^c2562.
300 ^  ^a272 หน้า ;^c21 ซม.
945    ^p230^l0^i27877
999    ^aกัณชพร จุลอักษร
รายการนี้ยังไม่มีแท็ก
คุณยังไม่ได้ล็อกอิน คุณสามารถมีกิจกรรมร่วมกับเว็บไซต์ได้ แต่ต้องล็อกอินก่อน ::
  ล็อกอิน

รายการสื่อสารสนเทศ

ลำดับที่ ประเภท เลขเรียก/บาร์โค้ด สถานที่ สถานะ
1. วิทยาศาสตร์การแพทย์ และสุขภาพ
วิทยาศาสตร์การแพทย์ และสุขภาพ
นว. ป534ร ฉ.1 
  Barcode: 27877
ห้องสมุดวิทยาเขตนครสวรรค์
►นวนิยาย:l:Fiction
บนชั้น

รายการใกล้เคียง
    ผู้แต่ง [ปัณภัส.]

BibComment


ยังไม่เคยถูกคอมเมนท์

คอมเมนท์ทรัพยากรรายการนี้
  คอมเมนท์: รัก กรรณ วันละนิ..


 Copyright 2026. Bcnsprnw @Library